000 00452nam a2200193Ia 4500
008 101110s9999 xx 000 0 und d
041 _aENGLISH
082 _bSR4622
_a582
100 _aMathur R.C.
245 _aSystematic Botany
365 _b12
520 _aBiology/Zoology
546 _aENGLISH
630 _aSystematic Botany
650 _aBiology/Zoology
655 _aBiology/Zoology
730 _aSystematic Botany
942 _cBOOK
999 _c800801
_d800798